| 000 | 01566nam a2200433 c 4500 | ||
|---|---|---|---|
| 999 |
_c50167 _d50167 |
||
| 001 | 50167 | ||
| 003 | ES-MaCES | ||
| 005 | 20171031134220.0 | ||
| 008 | 171031s2017 sz | 000 | spa d | ||
| 020 | _a9783034328586 | ||
| 040 |
_aES-MaCES _bspa _cES-MaCES |
||
| 041 |
_aspa _afre _apor |
||
| 245 | 0 | 4 |
_aLos actuales cambios sociales y laborales : nuevos retos para el mundo del trabajo _nV. IV _pCambios en la relación laboral individual y nuevos retos para el contrato de trabajo : España, Portugal, México, Francia _cLourdes Mella Méndez (dir.) ; Duarte Abrunhosa e Soussa (coord.) |
| 260 |
_aBern [etc.] _bPeter Lang _c[2017] |
||
| 300 |
_a404 p. _c23 cm |
||
| 500 | _aTextos en español, francés y portugués | ||
| 504 | _aBibliografía | ||
| 541 | _cCompra | ||
| 650 | 4 |
_acambio social _927286 |
|
| 650 | 4 |
_acondiciones de empleo _930040 |
|
| 650 | 4 |
_acondiciones de trabajo _928327 |
|
| 650 | 4 |
_arelaciones laborales _928369 |
|
| 650 | 4 |
_acontrato de trabajo _928316 |
|
| 650 | 4 |
_aderecho de patentes _927168 |
|
| 650 | 4 |
_ainnovación _928230 |
|
| 650 | 4 |
_amovilidad de la mano de obra _928354 |
|
| 650 | 4 |
_aderecho del trabajo _927165 |
|
| 650 | 4 |
_aderecho comunitario _929866 |
|
| 650 | 4 |
_aEspaña _926964 |
|
| 650 | 4 |
_aPortugal _926960 |
|
| 650 | 4 |
_aBrasil _926857 |
|
| 650 | 4 |
_aMéxico _926884 |
|
| 650 | 4 |
_926943 _aFrancia |
|
| 653 | 1 | 0 | _aRelaciones laborales-Empleo |
| 700 | 1 |
_aMella Méndez, Lourdes _edir. _918364 |
|
| 700 | 1 |
_aAbrunhosa e Soussa, Duarte _ecoord. _938670 |
|
| 902 | _aLIB Libro | ||
| 942 |
_2CES _cBK _h2.0. |
||